[Event "Slupsk op"]
[Site "Slupsk"]
[Date "1992.??.??"]
[Round "?"]
[White "Bojczuk, Zygmunt"]
[Black "Struk, Jerzy"]
[Result "1-0"]
[WhiteElo "2310"]
[BlackElo "2310"]

1.Nf3 d5 2.g3 Nf6 3.Bg2 e6 4.O-O Be7 5.d3 O-O 6.Nbd2 c5 7.e4 Nc6 8.Re1 dxe4
9.dxe4 e5 10.c3 b6 11.Qe2 Qc7 12.Nf1 h6 13.Ne3 Be6 14.Nh4 Rfd8 15.Nhf5 Bf8
16.Qf3 Bxf5 17.Nxf5 Nh7 18.Bf1 Na5 19.h4 c4 20.Ne3 Qc6 21.Nd5 Rac8 22.Bh3 Rb8
23.Be3 Nb7 24.Rad1 Nc5 25.Bf1 b5 26.Rd2 Nf6 27.Bxc5 Bxc5 28.Red1 Nxd5 29.Rxd5 Rxd5
30.Rxd5 Qc7 31.Qf5 Bd6 32.Be2 a6 33.h5 Rd8 34.Bg4 Qe7 35.Qf3 Qg5 36.Qd1 Be7
37.Bf5 Qf6 38.a4 Rxd5 39.Qxd5 Qd6 40.Qa8+ Bf8 41.axb5 axb5 42.Qe8 Qd1+ 43.Kg2 Qxh5
44.Qxb5 g6 45.Bd7 Qe2 46.Bc6 h5 47.Qxe5 Qxb2 48.Bd5 Qb6 49.Qf4 Qa7 50.Qf6 Qe7
51.Qxg6+ Bg7 52.Qxh5 Qf6 53.Bxc4  1-0

[Event "Somerset op"]
[Site "Somerset"]
[Date "1992.??.??"]
[Round "?"]
[White "McCarthy, John"]
[Black "Khmelnitsky, Igor N"]
[Result "1/2-1/2"]
[WhiteElo "2300"]
[BlackElo "2475"]

1.Nf3 d5 2.g3 Nf6 3.Bg2 Bf5 4.O-O h6 5.d3 Nbd7 6.Nbd2 e5 7.e4 dxe4 8.dxe4 Be6
9.Qe2 c6 10.Nc4 Qc7 11.a4 Bc5 12.b3 O-O 13.Bb2 Bxc4 14.Qxc4 Rfe8  1/2-1/2

[Event "Subotica Palic"]
[Site "Subotica"]
[Date "1992.??.??"]
[Round "?"]
[White "Vujadinovic, Goran"]
[Black "Kostic, Nebojsa"]
[Result "0-1"]
[WhiteElo "2405"]
[BlackElo "2390"]

1.Nf3 d5 2.g3 c5 3.Bg2 Nc6 4.O-O e5 5.d3 Be7 6.c4 d4 7.Re1 Bg4 8.h3 Be6 9.e3 f6
10.exd4 cxd4 11.Na3 Qd7 12.Kh2 h5 13.Nc2 g5 14.Bxg5 fxg5 15.Nxe5 Nxe5 16.Rxe5 h4
17.Rxe6 hxg3+ 18.fxg3 Qxe6 19.Qf3 Qd7 20.Re1 O-O-O 21.Re5 g4 22.Qe4 gxh3
23.Bf3 Nf6 24.Qe2 Bd6 25.Rb5 Rde8 26.Qd1 Qg7 27.Bxb7+ Kd8  0-1

[Event "Subotica Palic"]
[Site "Subotica"]
[Date "1992.??.??"]
[Round "?"]
[White "Vujadinovic, Goran"]
[Black "Vuksanovic, Sanja"]
[Result "1/2-1/2"]
[WhiteElo "2405"]
[BlackElo "2270"]

1.Nf3 d5 2.g3 c6 3.Bg2 Bg4 4.b3 Nd7 5.Bb2 Ngf6 6.O-O e6 7.d4 Be7 8.c4 O-O
9.Nc3 Bh5 10.Re1 Ne4 11.Nxe4 dxe4 12.Nd2 f5 13.Qc2 Qc7  1/2-1/2

[Event "Suhr op"]
[Site "Suhr"]
[Date "1992.??.??"]
[Round "6"]
[White "Ruf, Matthias"]
[Black "Ciric, Dragoljub M"]
[Result "0-1"]
[WhiteElo "2395"]
[BlackElo "2375"]

1.Nf3 d5 2.g3 c6 3.Bg2 Bg4 4.c4 e6 5.b3 Nd7 6.Bb2 Ngf6 7.O-O Bd6 8.d3 Qe7
9.a3 O-O 10.b4 dxc4 11.dxc4 Bxf3 12.exf3 a5 13.c5 Be5 14.Bxe5 Nxe5 15.f4 Ng6
16.Nc3 axb4 17.axb4 Nd5 18.Qb3 Rxa1 19.Rxa1 Qf6 20.Rc1 Nxc3 21.Rxc3 Ra8 22.Rd3 Ra1+
23.Bf1 h5 24.Rd7 e5 25.Kg2 Qf5 26.Qd3 Nxf4+ 27.gxf4 Qg4+ 28.Kh1 Rxf1+ 29.Qxf1 Qxd7
30.fxe5 Qd5+ 31.Kg1 Qxe5 32.Qh3 Qe1+ 33.Kg2 Qe4+ 34.f3 Qe2+ 35.Kg1 Qd1+ 36.Kg2 Qd2+
37.Kf1 Qxb4 38.Qc8+ Kh7 39.Qf5+ Kh6 40.Qxf7 Qxc5 41.h4 Qd5 42.Qf8 Qc4+ 43.Kg2 Qxh4
44.f4 Qg4+ 45.Kf2 Kh7 46.Ke3 h4 47.Qb4 Qg3+ 48.Ke4 h3 49.Qc5 Qg2+  0-1

[Event "SWZ-chI op"]
[Site "?"]
[Date "1992.??.??"]
[Round "5"]
[White "Barbero, Gerardo F"]
[Black "Baburin, Alexander"]
[Result "1/2-1/2"]
[WhiteElo "2480"]
[BlackElo "2520"]

1.Nf3 d5 2.g3 c6 3.Bg2 Bg4 4.h3 Bh5 5.d3 Nd7 6.O-O e5 7.e4 dxe4 8.dxe4 Ngf6
9.Qe1 Bc5 10.Nbd2 O-O 11.Nc4 Bxf3 12.Bxf3 Re8 13.b4 Bf8 14.Bb2 Qe7 15.a3 Qe6
16.Qe2 Qxh3 17.Rad1 Qe6 18.Rd2 b5 19.Na5 Nb6 20.c4 Nxc4 21.Nxc4 bxc4 22.Rc1 a5
23.Qxc4 axb4 24.axb4 Rab8 25.Ba3 h6 26.Kg2 Kh7 27.Rd3 Qxc4 28.Rxc4 Rb6 29.Rdc3 Ra8
30.Bd1 Be7 31.Bc2 Ne8 32.Bc1 Bxb4 33.Rxc6 Bxc3 34.Rxb6 Bd4 35.Rc6 Ra2 36.f4 g6
37.Kh3 Kg7 38.Rc8 Nd6 39.Rc7 h5 40.Bb3 Re2 41.Ba3 Bg1 42.Rc2 Rxc2 43.Bxc2 Nc4
44.Bb4 Bd4 45.Bd3 Ne3 46.Be2 Nc2 47.Bd6 f6 48.Bd1 Ne3 49.Be2 Kf7 50.g4 hxg4+
51.Bxg4 Nc4 52.fxe5 fxe5 53.Bb4 Kf6 54.Be2 Nb6  1/2-1/2

[Event "Sydney op"]
[Site "Sydney"]
[Date "1992.??.??"]
[Round "7"]
[White "Jamieson, Robert Murray"]
[Black "Wohl, Aleksandar H"]
[Result "0-1"]
[WhiteElo "2455"]
[BlackElo "2280"]

1.Nf3 d5 2.g3 g6 3.Bg2 Bg7 4.O-O e6 5.d3 Ne7 6.e4 O-O 7.Nbd2 a5 8.a4 b6 9.Re1 Bb7
10.e5 c5 11.h4 Nd7 12.Nf1 Nc6 13.Bf4 f6 14.exf6 Qxf6 15.Ng5 Nd4 16.Ne3 h6
17.Ng4 Qe7 18.c3 Rxf4 19.Nxh6+ Bxh6 20.gxf4 Bxg5 21.cxd4 Bxh4 22.Qg4 Nf8
23.f5 Qf6 24.Re5 exf5 25.Qe2 Qf7 26.dxc5 bxc5 27.Rc1 Nd7 28.Re6 Nf8 29.Rb6 Re8
30.Qd2 Qe7 31.Rb5 Bg5 32.Rxb7 Bxd2 33.Rxe7 Rxe7 34.Rxc5 Ne6 35.Bxd5 Kg7 36.Rc8 Nf4  0-1

[Event "Tashkent"]
[Site "Tashkent"]
[Date "1992.??.??"]
[Round "?"]
[White "Loginov, Valery A"]
[Black "Barsov, Alexei"]
[Result "1-0"]
[WhiteElo "2540"]
[BlackElo "2400"]

1.Nf3 d5 2.g3 c6 3.Bg2 Bg4 4.c4 e6 5.cxd5 exd5 6.O-O Nf6 7.d3 Nbd7 8.Qc2 Be7
9.e4 Nc5 10.Ne5 Be6 11.Be3 Ncd7 12.Nf3 Ng4 13.Bf4 dxe4 14.dxe4 Bf6 15.Nc3 O-O
16.Rfd1 Qb6 17.h3 Nge5 18.Nd4 Nc5 19.Nxe6 fxe6 20.Be3 Nc4 21.Na4 Qa5  1-0

[Event "Tashkent"]
[Site "Tashkent"]
[Date "1992.??.??"]
[Round "?"]
[White "Loginov, Valery A"]
[Black "Iuldachev, Saidali"]
[Result "0-1"]
[WhiteElo "2540"]
[BlackElo "2370"]

1.Nf3 d5 2.g3 Nf6 3.Bg2 c6 4.O-O Bf5 5.c4 dxc4 6.Na3 b5 7.Ne5 Qc7 8.d4 cxd3
9.Bf4 g5 10.Nxc6 gxf4 11.Nxb5 Qb6 12.Ncd4 Bd7 13.Qxd3 a6 14.Nc7+ Qxc7 15.Bxa8 Bh6
16.Nf5 Bxf5 17.Qxf5 O-O 18.Bg2 Nbd7 19.Rac1 Qb6 20.Rc2 fxg3 21.hxg3 e6 22.Qf3 Nd5
23.Rd1 Bg7 24.Rcd2 Ne5 25.Qb3 Qxb3 26.axb3 Nb4 27.Rd8 Bf6 28.Rxf8+ Kxf8 29.Be4 Ke7
30.Bxh7 Nec6 31.Bd3 Bxb2 32.Be4 Nd4 33.Rb1 Nxe2+ 34.Kf1 Nc3 35.Rxb2 Nxe4
36.Ke2 a5 37.Ke3 Nc5 38.f3 e5 39.f4 Nd5+ 40.Kf3 e4+ 41.Ke2 Ke6 42.Rc2 Nxb3
43.Rc4 Kd6 44.f5 a4 45.Ke1 Nc5 46.g4 a3  0-1

[Event "Tel Aviv"]
[Site "Tel Aviv"]
[Date "1992.??.??"]
[Round "4"]
[White "Berkovich, Mark A"]
[Black "Gofshtein, Leonid D"]
[Result "0-1"]
[WhiteElo "2455"]
[BlackElo "2485"]

1.Nf3 d5 2.g3 c6 3.Bg2 Bg4 4.O-O e6 5.c4 Bd6 6.cxd5 exd5 7.d3 Ne7 8.Nc3 O-O
9.h3 Bh5 10.Qb3 Nd7 11.Bd2 Nc5 12.Qc2 Qd7 13.g4 Bg6 14.Nh4 f5 15.gxf5 Nxf5
16.Nxg6 hxg6 17.Bg5 Ne6 18.Qd2 Bc7 19.e4 Qd6 20.f4 Bb6+ 21.Kh2 Be3 22.Qe2 Nxf4  0-1

[Event "Tilburg"]
[Site "Tilburg"]
[Date "1992.??.??"]
[Round "2"]
[White "Ree, Hans"]
[Black "Sveshnikov, Evgeny"]
[Result "0-1"]
[WhiteElo "2450"]
[BlackElo "2525"]

1.Nf3 d5 2.g3 Nf6 3.Bg2 c6 4.O-O Bf5 5.b3 e6 6.Bb2 Bd6 7.c4 O-O 8.Nc3 Nbd7
9.d4 Ne4 10.Nd2 Nxc3 11.Bxc3 Nf6 12.e3 Qe7 13.Qe2 a5 14.a4 Bb4 15.Bxb4 Qxb4
16.h3 Rad8 17.g4 Bg6 18.Rac1 Ne4 19.Nxe4 Bxe4 20.Bxe4 dxe4 21.Qc2 e5 22.dxe5 Rd3
23.Rfd1 Rfd8 24.c5 R8d5 25.Rxd3 exd3 26.Qc4 Rxc5  0-1

[Event "Air Force-ch"]
[Site "USA"]
[Date "1992.??.??"]
[Round "1"]
[White "Wall, Bill"]
[Black "Barcarola, Louis"]
[Result "1/2-1/2"]
[WhiteElo "2030"]
[BlackElo "2100"]

1.Nf3 d5 2.g3 Nf6 3.Bg2 g6 4.O-O Bg7 5.d3 O-O 6.Nbd2 b6 7.c4 e6 8.Qc2 c5
9.cxd5 exd5 10.Rb1 Nc6 11.a3 a5 12.Re1 Bb7 13.b3 Re8 14.Bb2 Rc8 15.Bh3 Rc7
16.Rbc1 Rce7 17.e3 Nd7 18.Bxg7 Kxg7 19.Qb2+ Kg8 20.d4 cxd4 21.Nxd4 Nce5 22.Bf1 Nc5
23.Qb1 Ne4 24.Nxe4 dxe4 25.Bb5 Nd3 26.Bxd3 exd3 27.Qxd3 Qd5  1/2-1/2

[Event "Sonnevanck"]
[Site "Wijk aan Zee"]
[Date "1992.??.??"]
[Round "6"]
[White "Van Wely, Loek"]
[Black "Kuijf, Marinus"]
[Result "0-1"]
[WhiteElo "2525"]
[BlackElo "2420"]

1.Nf3 d5 2.g3 Nf6 3.Bg2 Bf5 4.d3 e6 5.O-O Be7 6.Nbd2 O-O 7.Qe1 h6 8.e4 Bh7
9.b3 c5 10.Bb2 Nc6 11.c4 Nb4 12.Qe2 Nxd3 13.Qxd3 dxe4 14.Qe3 exf3 15.Nxf3 Qd3
16.Rae1 Qxe3 17.Rxe3 Ng4 18.Ne5 Nxe3 19.fxe3 Rad8 20.Bxb7 Rd2 21.Rf2 Rxf2
22.Kxf2 Bf6 23.Ke2 Bb1 24.b4 Rb8  0-1

[Event "Wisla BES op"]
[Site "Wisla"]
[Date "1992.??.??"]
[Round "1"]
[White "Kazmierska, Malgorzata"]
[Black "Sapis, Witalis"]
[Result "0-1"]
[WhiteElo "2025"]
[BlackElo "2420"]

1.Nf3 d5 2.g3 Nf6 3.Bg2 c6 4.O-O Bg4 5.d3 Nbd7 6.Nbd2 e5 7.e4 Bd6 8.Re1 O-O
9.c3 a5 10.a4 Re8 11.Qc2 Qc7 12.Nf1 dxe4 13.dxe4 Nc5 14.Ne3 Be6 15.Nd2 Red8
16.Nec4 Bf8 17.Bf1 Bg4 18.Nb3 Nxb3 19.Qxb3 Bc5 20.Qc2 Rd7 21.Be3 Bxe3 22.Nxe3 Bf3
23.Bg2 Bh5 24.Bh3 Rdd8 25.Nc4 Nd7 26.g4 Bg6 27.Bg2 Nc5 28.Red1 h5 29.h3 f6
30.Qe2 hxg4 31.hxg4 Bf7 32.Bf1 Rxd1 33.Rxd1 Nxa4 34.Qd2 Nc5 35.f3 b5 36.Ne3 Ne6
37.Nf5 Rd8 38.Qe1 Nf4 39.Rd2 Rxd2 40.Qxd2 Be6 41.Ng3 Kf7 42.Kf2 Qa7+ 43.Qe3 Qxe3+
44.Kxe3 Ke7 45.Ne2 Nxe2 46.Bxe2 Kd6 47.f4 exf4+ 48.Kxf4 g5+ 49.Ke3 Ke5 50.Bd1 c5
51.Kf3 a4 52.Ke3 Bd7 53.Be2 b4  0-1

[Event "Wisla BES op"]
[Site "Wisla"]
[Date "1992.??.??"]
[Round "3"]
[White "Zolnierowicz, Krzysztof"]
[Black "Perdek, Miroslaw"]
[Result "0-1"]
[WhiteElo "2360"]
[BlackElo "2270"]

1.Nf3 d5 2.g3 c6 3.Bg2 Bg4 4.b3 Nf6 5.Bb2 e6 6.O-O Nbd7 7.d3 Bd6 8.Nbd2 O-O
9.c4 Re8 10.Rc1 a5 11.d4 a4 12.c5 Bc7 13.b4 a3 14.Ba1 e5 15.dxe5 Nxe5 16.Qc2 Qd7
17.Rfe1 h6 18.Nd4 Bh3 19.Bh1 Neg4 20.e4 dxe4 21.Nxe4 Nd5 22.Rcd1 Nxb4 23.Qb3 Nd5
24.Qxb7 Bxg3  0-1

[Event "Wisla BES op"]
[Site "Wisla"]
[Date "1992.??.??"]
[Round "7"]
[White "Zolnierowicz, Krzysztof"]
[Black "Sorokin, Maxim"]
[Result "1/2-1/2"]
[WhiteElo "2360"]
[BlackElo "2570"]

1.Nf3 d5 2.g3 c6 3.Bg2 Bg4 4.b3 Nd7 5.Bb2 Ngf6 6.d3 e6 7.Nbd2 Bd6 8.c4 O-O
9.O-O Re8 10.d4 h6 11.Ne5 Bf5 12.Re1 Qe7 13.Nxd7 Qxd7 14.a3 a5 15.Qc1 b5
16.f3 e5 17.e4 dxe4 18.fxe4 Bg6 19.Nf3 Bxe4 20.Nxe5 Rxe5 21.dxe5 Bc5+ 22.Kh1 Ng4
23.Bxe4 Nf2+ 24.Kg2 Qh3+ 25.Kf3 Qg4+  1/2-1/2

[Event "Wisla BES op"]
[Site "Wisla"]
[Date "1992.??.??"]
[Round "9"]
[White "Zolnierowicz, Krzysztof"]
[Black "Grabarczyk, Miroslaw"]
[Result "1/2-1/2"]
[WhiteElo "2360"]
[BlackElo "2315"]

1.Nf3 d5 2.g3 Nf6 3.Bg2 c6 4.b3 Bf5 5.Bb2 e6 6.d3 h6 7.Nbd2 Be7 8.e4 Bh7
9.O-O O-O 10.Qe2 a5 11.a3 Na6 12.e5 Nd7 13.Bh3 c5 14.a4 Nb6 15.Ne1 Qc7 16.f4 c4
17.Bd4 Bc5 18.Ndf3 Nb4 19.Rd1 Rac8 20.Qe3 cxb3 21.cxb3 Nd7 22.Bxc5 Nxc5 23.Nd4 Qb6
24.Nb5 Nxa4 25.Qxb6 Nxb6 26.f5 Bxf5 27.Bxf5 exf5 28.Rxf5 f6 29.exf6 Rxf6
30.Rxf6 gxf6 31.Nd6 Rc7 32.Ra1 Nc8 33.Nxc8 Rxc8 34.Rxa5 Rc1 35.Kf2 Rb1 36.Ra8+ Kf7
37.Ra7 Rxb3 38.Rxb7+ Ke6 39.Kf3  1/2-1/2

[Event "Oberliga Wuert9192"]
[Site "Wuerttemberg"]
[Date "1992.??.??"]
[Round "?"]
[White "Keilhack, Harald"]
[Black "Dittmar, Peter"]
[Result "1/2-1/2"]
[WhiteElo "2335"]
[BlackElo "2310"]

1.Nf3 d5 2.g3 c6 3.Bg2 Bg4 4.O-O e6 5.d3 Nf6 6.c4 Be7 7.Qb3 Qb6 8.Qxb6 axb6
9.Be3 Nbd7 10.Nc3 O-O 11.cxd5 Nxd5 12.Nxd5 exd5 13.h3 Bh5 14.g4 Bg6 15.Rfc1 Ra6
16.Nd4 Rfa8 17.f4 f6 18.a3 Bc5 19.f5 Bf7 20.Bf2 Ra4 21.Nf3 Bxf2+ 22.Kxf2 b5
23.Ne1 h5 24.Bf3 hxg4 25.hxg4 b4 26.Nc2 bxa3 27.Rxa3 R8a6 28.Rxa4 Rxa4 29.Ra1 Rxa1
30.Nxa1 Kf8 31.d4 Ke7 32.Ke3 Kd6 33.Kd3 g6 34.fxg6 Bxg6+ 35.Ke3 Nb6 36.Kd2 Nc4+
37.Kc3 Ne3 38.Kd2 Nf1+ 39.Kc3 Nh2 40.Nb3 Be8 41.Nc5 b6 42.Nd3 Bd7 43.Nf2 c5
44.dxc5+ bxc5 45.b3 Bb5 46.Kd2 Ke5 47.Bg2 Bd7 48.Bf3 Nf1+ 49.Ke1 Ne3 50.Kd2 Kd4
51.Nd3 c4 52.bxc4 dxc4 53.Nf2 Nf1+ 54.Kc1 Nh2 55.Ne4 Bxg4 56.Nxf6 Bxf3 57.exf3 Nxf3
58.Ng4 Ne1 59.Kd2 Nd3 60.Nh2 c3+ 61.Kd1 Kc4 62.Nf3 Kb3 63.Nd2+ Kb2 64.Nc4+ Kb3
65.Nd2+ Kb4  1/2-1/2

[Event "Oberliga Wuert9192"]
[Site "Wuerttemberg"]
[Date "1992.??.??"]
[Round "?"]
[White "Jurek, Josef"]
[Black "Dittmar, Peter"]
[Result "1/2-1/2"]
[WhiteElo "2315"]
[BlackElo "2310"]

1.Nf3 d5 2.g3 c6 3.c4 Bg4 4.Bg2 e6 5.O-O Nf6 6.b3 Be7 7.Bb2 O-O 8.d3 Nbd7
9.Nbd2 a5 10.a3 Re8 11.h3 Bh5 12.Ra2 Bf8 13.Qa1 Qb8 14.g4 Bg6 15.Ne5 Nxe5
16.Bxe5 Qd8 17.cxd5 Nxd5 18.e4 Nb6 19.Nc4 Nxc4 20.dxc4 Qd3 21.Bc3 Qd8 22.Rd2 Qb6
23.Qb2 Rad8 24.Rfd1 Rxd2 25.Rxd2 Rd8 26.b4 axb4 27.axb4 Rxd2  1/2-1/2

[Event "Wuerzburg op"]
[Site "Wuerzburg"]
[Date "1992.??.??"]
[Round "?"]
[White "Spassov, Liuben"]
[Black "Haba, Petr"]
[Result "1/2-1/2"]
[WhiteElo "2405"]
[BlackElo "2515"]

1.Nf3 d5 2.g3 Nf6 3.Bg2 c6 4.O-O Bf5 5.d3 e6 6.c4 dxc4 7.dxc4 Qxd1 8.Rxd1 Nbd7
9.Nc3 Be7 10.h3 h6 11.Be3 e5 12.Rac1 Be6 13.Nd2 Bc5 14.Bxc5 Nxc5 15.b4 Ncd7
16.b5 Rc8 17.Nde4 Nxe4 18.Nxe4 Ke7 19.Nd6 Rc7 20.Nxb7 Rxb7 21.bxc6 Rc7 22.cxd7 Rxc4
23.Rxc4 Bxc4 24.Bd5 Bxe2 25.Rd2 Bb5 26.Bxf7  1/2-1/2

[Event "Aalborg op"]
[Site "Aalborg"]
[Date "1993.??.??"]
[Round "2"]
[White "Hansen, Sune Berg"]
[Black "Hector, Jonny"]
[Result "0-1"]
[WhiteElo "2405"]
[BlackElo "2500"]

1.Nf3 d5 2.g3 Nc6 3.Bg2 e5 4.d3 f5 5.O-O Nf6 6.c4 dxc4 7.Qa4 Bd6 8.Qxc4 Qe7
9.Nc3 Be6 10.Qa4 h6 11.e4 fxe4 12.Nh4 Qd7 13.Nxe4 Nxe4 14.Qxe4 g5 15.Nf3 Bf5
16.Qe3 O-O-O 17.Bd2 Rhe8 18.Ne1 Nd4 19.Rc1 g4 20.b4 Be7 21.Qxe5 Bg5 22.Qc5 Bxd2
23.Qxa7 c6 24.Rc4 Rxe1 25.Rxe1 Bxe1 26.Bxc6 Nxc6 27.b5 Qc7 28.bxc6 bxc6 29.Qa6+ Kd7
30.Rf4 Be6 31.Re4 Re8 32.Qa3 Bd5 33.Rxg4 Ba5 34.Rg7+ Kd8  0-1

[Event "Aalborg op"]
[Site "Aalborg"]
[Date "1993.??.??"]
[Round "5"]
[White "Poley, Vladimir"]
[Black "Rublevsky, Sergei"]
[Result "0-1"]
[WhiteElo "2365"]
[BlackElo "2515"]

1.Nf3 d5 2.g3 Bg4 3.Ne5 Bf5 4.Bg2 Nd7 5.Nxd7 Qxd7 6.c4 e6 7.Qb3 c6 8.d3 Nf6
9.O-O Be7 10.Nc3 d4 11.Ne4 Bxe4 12.dxe4 e5 13.Bd2 O-O 14.Qd3 a5 15.Rad1 Qe6
16.f4 Nd7 17.f5 Qd6 18.g4 h6 19.Qg3 Bg5 20.h4 Bxd2 21.Rxd2 f6 22.Bf3 Kf7
23.Rfd1 Ke7 24.e3 c5 25.Rg2 Rh8 26.g5 hxg5 27.hxg5 Rh7 28.gxf6+ gxf6 29.Rh2 Rxh2
30.Qg7+ Kd8 31.Kxh2 Kc7 32.Rd3 a4 33.Rd2 Qb6 34.exd4 cxd4 35.a3 Qb3 36.Bd1 Qe3
37.Re2 Qd3  0-1

[Event "DEN-chJ"]
[Site "Aarhus"]
[Date "1993.??.??"]
[Round "7"]
[White "Jaracz, Pawel"]
[Black "Pedersen, Daniel Vesterbaek"]
[Result "1-0"]
[WhiteElo "2340"]
[BlackElo "2225"]

1.Nf3 d5 2.g3 c6 3.Bg2 Bg4 4.O-O Nd7 5.d3 e6 6.Nbd2 Bd6 7.e4 Ne7 8.h3 Bxf3
9.Qxf3 Qc7 10.Qe2 h5 11.d4 Qb6 12.c4 Qxd4 13.exd5 cxd5 14.cxd5 exd5 15.Nb3 Qe5
16.Qb5 O-O-O 17.Be3 a6 18.Qd3 h4 19.Rac1+ Kb8 20.Na5 hxg3 21.f4 Qf6 22.Qb3 b5
23.Nc6+ Nxc6 24.Rxc6 d4 25.Rxa6  1-0

[Event "Aegina op"]
[Site "Aegina"]
[Date "1993.??.??"]
[Round "5"]
[White "Chilingirova, Pavlina"]
[Black "Rajkovic, Dusan"]
[Result "1/2-1/2"]
[WhiteElo "2250"]
[BlackElo "2450"]

1.g3 d5 2.Nf3 c6 3.Bg2 Bg4 4.h3 Bxf3 5.Bxf3 e6 6.d3 f5 7.O-O Nf6 8.Nd2 Bd6
9.e4 O-O 10.Re1 Nbd7 11.Bg2 Qb6 12.Nf1 fxe4 13.dxe4 Nxe4 14.Rxe4 Qxf2+ 15.Kh2 dxe4
16.Qxd6 Nf6 17.Qxe6+ Kh8 18.Qb3 Nd5 19.c4 Rf3 20.Qxb7 Raf8 21.Bd2 e3 22.cxd5 exd2
23.Qb4 cxd5 24.Qxd2 Qxd2 25.Nxd2 Rf2 26.Rf1 Rxf1 27.Nxf1 Rf2 28.Kg1 Rxb2
29.Bxd5 g6 30.Ne3 Kg7 31.Ng4 Rd2 32.Bc4 Rc2 33.Bb3 Rb2 34.Nf2 Kf6 35.Kf1 Kf5
36.Nd1 Rd2 37.Ke1 Rd7 38.Ke2 Ke4 39.Nc3+ Kd4 40.Kd2 Re7 41.Ne2+ Ke4 42.Bc2+ Kf3
43.Bd3 Kg2 44.h4 Kf3 45.Bc4  1/2-1/2

[Event "Amantea op"]
[Site "Amantea"]
[Date "1993.??.??"]
[Round "?"]
[White "Zichichi, Alvise"]
[Black "Levitt, Jonathan"]
[Result "0-1"]
[WhiteElo "2305"]
[BlackElo "2460"]

1.Nf3 d5 2.g3 c6 3.Bg2 Bg4 4.O-O Nd7 5.d4 e6 6.b3 Bd6 7.Bb2 f5 8.Qe1 Ngf6
9.Ne5 O-O 10.f3 Bh5 11.c4 Qc7 12.Nd3 Qb8 13.Nc3 dxc4 14.bxc4 e5 15.d5 Qe8
16.e4 fxe4 17.Nxe4 Nxe4 18.fxe4 Nc5 19.Qe3 Nxd3 20.Qxd3 Qe7 21.Bh3 Rad8 22.Kg2 Bc5
23.Rf5 Rxf5 24.Bxf5 Kh8 25.Rf1 b6 26.Bh3 cxd5 27.cxd5 Rf8 28.Be6 Rxf1 29.Qxf1 Bd6
30.Qa6 Qc7 31.Qd3 Be8 32.h4 Ba4 33.h5 h6 34.Bc3 Be8 35.Qf3 Qc4 36.Bxe5 Bxh5
37.g4 Bg6 38.Bf5 Qxa2+  0-1

[Event "Ano Liosia op"]
[Site "Ano Liosia"]
[Date "1993.??.??"]
[Round "7"]
[White "Popchev, Milko"]
[Black "Nikolaidis, Konstantinos"]
[Result "1/2-1/2"]
[WhiteElo "2475"]
[BlackElo "2315"]

1.g3 d5 2.Nf3 Nf6 3.Bg2 c6 4.O-O g6 5.d3 Bg7 6.Nbd2 O-O 7.e4 Qc7 8.Re1 e5
9.exd5 Nxd5 10.Nc4 Nd7 11.c3 b5 12.Ne3 N7b6 13.Qe2 Re8 14.Nxd5 cxd5 15.d4 e4
16.Bf4 Qb7 17.Nd2 Na4 18.Nb3 Qb6 19.f3 f5 20.fxe4 fxe4 21.Qd2 Bf5 22.Be3 Bf8
23.Nc5 Qc6 24.Nxa4 bxa4 25.Bf1 Rab8 26.Rec1 Be6 27.Rc2 Rb7 28.Rac1 Qd7 29.c4 dxc4
30.Bxc4 Bd6 31.Rf1 Bxc4 32.Rxc4 Qb5 33.Qc2 Qxb2 34.Qxb2 Rxb2 35.Rxa4 Rb7
36.Ra6 Bf8 37.d5 Rd7 38.Rd1 Red8 39.Ra5 Bb4 40.Rb5 Be7 41.a4 a6 42.Rb6 Rxd5
43.Rxd5 Rxd5 44.Rxa6 Bc5 45.Bxc5 Rxc5 46.Kf2 Rc3 47.Ra7 Ra3 48.a5 h6 49.a6 Kh8
50.Ke2 Kg8 51.Kd2 Kh8 52.h4 Kg8 53.g4 Kh8 54.h5 gxh5 55.gxh5 Kg8 56.Ra8+ Kg7
57.a7 Kh7 58.Kc2 e3 59.Kd1 Ra2 60.Ke1 Kg7 61.Kf1  1/2-1/2

[Event "Aschach op"]
[Site "?"]
[Date "1993.??.??"]
[Round "?"]
[White "Badea, Bela"]
[Black "Sulskis, Sarunas"]
[Result "1/2-1/2"]
[WhiteElo "2340"]
[BlackElo "2395"]

1.Nf3 d5 2.g3 c6 3.Bg2 Bg4 4.c4 e6 5.O-O Nd7 6.b3 Ngf6 7.d3 Bd6 8.Bb2 O-O
9.Nbd2 Qe7 10.h3 Bh5 11.Qc2 e5 12.e4 dxe4 13.dxe4 Ba3 14.Bc3 Rfd8 15.Nh4 Ne8
16.Nf5 Qc5 17.Nf3 Bxf3 18.Bxf3 Nf8 19.Rad1 Ne6 20.Kg2 Nf6 21.Be2 g6 22.Nh6+ Kg7
23.Ng4 Nxg4 24.Bxg4 Nd4 25.Bxd4 Rxd4 26.Rxd4 exd4 27.f4 a5 28.Bd1 Bb4 29.a4 Rd8
30.Be2 b5 31.Bd3 bxa4 32.bxa4 f6 33.h4 Rb8 34.Rb1 Rb6 35.Qe2 Qe7 36.h5 Bc5
37.Rxb6 Bxb6 38.hxg6 hxg6 39.e5 fxe5 40.Qxe5+ Qxe5 41.fxe5 Bc7 42.Be4 Bxe5
43.Bxc6 Kf6 44.Be4 Bd6 45.Kf3 g5 46.g4 Ke5 47.Bf5 Bb4 48.Ke2  1/2-1/2

[Event "AUT-ch"]
[Site "?"]
[Date "1993.??.??"]
[Round "8"]
[White "Wach, Markus"]
[Black "Lendwai, Reinhard"]
[Result "1/2-1/2"]
[WhiteElo "2345"]
[BlackElo "2425"]

1.Nf3 d5 2.g3 c6 3.Bg2 Bg4 4.O-O e6 5.c4 Nd7 6.cxd5 cxd5 7.d4 Bd6 8.Nc3 Ngf6
9.Bg5 O-O 10.h3 Bh5 11.g4 Bg6 12.Nh4 Qb6 13.Nxg6 hxg6 14.Qd3 Rac8 15.Na4 Qc6
16.Nc3 Qb6 17.Na4 Qc6 18.Nc3 Qb6  1/2-1/2

[Event "AUT-chT"]
[Site "?"]
[Date "1993.??.??"]
[Round "?"]
[White "Grillitsch, Karl"]
[Black "Frosch, Erich"]
[Result "1/2-1/2"]
[WhiteElo "2280"]
[BlackElo "2360"]

1.Nf3 d5 2.g3 Nf6 3.Bg2 e6 4.O-O Be7 5.c4 O-O 6.b3 c5 7.Bb2 Nc6 8.e3 b6 9.Nc3 Bb7
10.cxd5 exd5 11.d4 Rc8 12.Re1 c4 13.Ne5 Na5 14.bxc4  1/2-1/2

[Event "AUT-chT"]
[Site "?"]
[Date "1993.??.??"]
[Round "?"]
[White "Brestian, Egon"]
[Black "Herzog, Adolf"]
[Result "0-1"]
[WhiteElo "2450"]
[BlackElo "2345"]

1.Nf3 d5 2.g3 Nf6 3.Bg2 c5 4.O-O Nc6 5.d4 cxd4 6.Nxd4 Qb6 7.Nxc6 bxc6 8.c4 e6
9.Nc3 Bb7 10.cxd5 cxd5 11.Be3 Qa6 12.Qb3 Bc6 13.a4 Be7 14.Nb5 Qb7 15.Rfc1 O-O
16.Nd4 Qxb3 17.Nxb3 Rfc8 18.Nd4 Bd7 19.Nb5 Rxc1+ 20.Rxc1 a6 21.Nc7 Rb8 22.Nxa6 Rxb2
23.a5 Ra2 24.Bb6 Bd6 25.Nc5 Bxc5 26.Rxc5 Ra1+ 27.Bf1 h5  0-1

[Event "AUT-chT"]
[Site "?"]
[Date "1993.??.??"]
[Round "?"]
[White "Grillitsch, Karl"]
[Black "Wiedner, Robert"]
[Result "0-1"]
[WhiteElo "2280"]
[BlackElo "2255"]

1.Nf3 d5 2.g3 c6 3.Bg2 Nf6 4.O-O Bf5 5.b3 e6 6.Bb2 Be7 7.d3 h6 8.Nbd2 Bh7
9.e4 Qc7 10.Qe2 Na6 11.Rfe1 Nc5 12.e5 Nfd7 13.h4 O-O-O 14.a4 Na6 15.Nf1 Kb8
16.N1h2 Ka8 17.Nd2 Rde8 18.f4 g5 19.fxg5 hxg5 20.hxg5 Bxg5 21.Ndf3 Be7 22.Bc1 Reg8
23.Bf4 Bf5 24.Kf2 Nf8 25.Rh1 Bc5+ 26.Be3 Qb6 27.g4 Bh7 28.a5 Bxe3+ 29.Qxe3 Qd8
30.Ra4 Ng6 31.g5 Ne7 32.Ng4 Nf5 33.Qd2 Bg6 34.Raa1 Rxh1 35.Rxh1 c5 36.Nh6 Rh8
37.Nh4 Nxh4 38.Rxh4 Nb4 39.Bf3 Qxa5 40.Rf4 Nxd3+  0-1

[Event "AUT-chT2S 9293"]
[Site "AUT"]
[Date "1993.??.??"]
[Round "?"]
[White "Mikac, Matjaz"]
[Black "Mohr, Georg"]
[Result "1/2-1/2"]
[WhiteElo "2390"]
[BlackElo "2435"]

1.Nf3 d5 2.g3 e6 3.Bg2 Nf6 4.O-O b6 5.c4 Be7 6.d4 c6 7.Ne5 O-O 8.Nc3 Nfd7
9.Nxd7 Qxd7 10.cxd5 cxd5 11.b3 Ba6 12.Bb2 Nc6  1/2-1/2

[Event "AUT-chT2S 9293"]
[Site "AUT"]
[Date "1993.??.??"]
[Round "?"]
[White "Vombek, Dani"]
[Black "Raffalt, Manfred"]
[Result "1-0"]
[WhiteElo "2270"]
[BlackElo "2230"]

1.Nf3 d5 2.g3 Nc6 3.d4 Nf6 4.Bg2 e6 5.b3 Bb4+ 6.Kf1 Ne4 7.Bb2 O-O 8.h4 Qf6
9.a3 Bd6 10.Nbd2 e5 11.dxe5 Nxe5 12.Nxe4 dxe4 13.Ng5 Bf5 14.Bxe4 Rad8 15.Qc1 Bxe4
16.Nxe4 Qf5 17.Qf4 Qxf4 18.gxf4 Nc6 19.Rg1 f6 20.Nxf6+ Kf7 21.Nxh7 Rg8 22.Ng5+ Ke7
23.e3 Rd7 24.Ke2  1-0

[Event "Avoine Ronde op"]
[Site "Avoine"]
[Date "1993.??.??"]
[Round "?"]
[White "Thimognier, Dominique"]
[Black "Maleki, Nicolas"]
[Result "1/2-1/2"]
[WhiteElo "1910"]
[BlackElo "1680"]

1.Nf3 d5 2.g3 Nf6 3.Bg2 Bg4 4.d3 e6 5.Nbd2 Nbd7 6.O-O c6 7.b3 Be7 8.Bb2 O-O
9.h3 Bxf3 10.Bxf3 Qc7 11.e4 dxe4 12.dxe4 Rfd8 13.Qe2 Ne5 14.Bg2 Rd7 15.f4 Ng6
16.Rfd1 Rad8 17.Nc4 b5 18.Ne5 Rxd1+ 19.Rxd1 Rxd1+ 20.Qxd1 Nxe5 21.Bxe5 Qb6+
22.Kh2 h6 23.Qd2 Qa6 24.c3 c5 25.g4 Qc6 26.f5 Nd7 27.Bg3 e5 28.Qd5 Qxd5 29.exd5 f6
30.Bf1 b4 31.cxb4 cxb4 32.Bf2 Bc5 33.Be1 a5 34.Kg2 Kf8 35.Bb5 Nb6 36.Bc6 Ke7
37.Kf3 Kd6 38.Ke4 Nc8 39.Bb7 Nb6 40.Bc6 Nc8 41.Bb7 Nb6 42.Bd2 Bf2 43.Bc6 Nc8
44.Bb7 Nb6 45.Bc1 Nd7 46.Bc6 Nc5+ 47.Kf3 Bh4 48.Be3 Bg5 49.Bxc5+  1/2-1/2

[Event "Bad Ragaz op"]
[Site "?"]
[Date "1993.??.??"]
[Round "8"]
[White "Hickl, Joerg"]
[Black "Robovic, Saudin"]
[Result "0-1"]
[WhiteElo "2570"]
[BlackElo "2360"]

1.g3 d5 2.Nf3 c6 3.b3 Nf6 4.Bb2 Bf5 5.d3 h6 6.Bg2 e6 7.Nbd2 Nbd7 8.O-O Bc5
9.a3 a5 10.e4 Bh7 11.e5 Ng8 12.Bc3 a4 13.Qb1 b5 14.Qb2 axb3 15.Nxb3 Bb6 16.Bb4 c5
17.Bd2 Ne7 18.Nc1 Rb8 19.Ne2 O-O 20.Nc3 Ba5 21.Nxb5 Bxd2 22.Nxd2 Qa5 23.c4 Bxd3
24.Rfd1 Nb6 25.a4 Nxc4 26.Nxc4 Bxc4 27.Bf1 Bxf1 28.Rxf1 c4 29.Qd4 Nf5 30.Qf4 Rfc8
31.g4 Nh4 32.Qg3 Ng6 33.f4 c3 34.f5 Nf8 35.g5 exf5 36.Nd6 Rb4 37.Rxf5 Qb6+
38.Kg2 Rb2+ 39.Kh3 c2 40.gxh6 Rb3 41.Rf3 Rxf3 42.Qxf3 Rc7 43.Rc1 Qb2 44.Qg4 Ne6
45.Ne8 Qc3+ 46.Qg3 Nf4+ 47.Kg4 Qxg3+ 48.hxg3 Nd3 49.h7+ Kh8  0-1